书目信息 |
| 题名: |
天天向上
|
|
| 作者: | 罗德克 , Rodek 著 ;曹建静 , 安渊明 译 | |
| 分册: | ||
| 出版信息: | 北京 中国铁道出版社 2006 |
|
| 页数: | 276页 | |
| 开本: | 24cm | |
| 丛书名: | ||
| 单 册: | ||
| 中图分类: | F279.712.3 | |
| 科图分类: | ||
| 主题词: | 企业管理--人事管理--经验--美国 | |
| 电子资源: | ||
| ISBN: | 7-113-06849-9 | |
| 000 | 01123nam0 2200265 450 | |
| 001 | 012006009780 | |
| 005 | 20061117092712.96 | |
| 010 | @a7-113-06849-9@dCNY35.00 | |
| 100 | @a20060317d2006 em y0chiy0110 ea | |
| 101 | 1 | @achi@ceng |
| 102 | @aCN@b110000 | |
| 105 | @ac z 000yy | |
| 200 | 1 | @a天天向上@9tian tian xiang shang@e企业绩效管理:从规划到实现@f(美)杰夫里·R.罗德克等著@F(mei)jie fu li·R.luo de ke deng zhu@g曹建静,安渊明译 |
| 210 | @a北京@c中国铁道出版社@d2006 | |
| 215 | @a276页@c画像@d24cm | |
| 330 | @a本书从各个角度论述了实现业绩突破的方法。探讨的主题包括管理层和董事会在这个新责任制时代中角色的变化;综合论述了关于更佳管理绩效所需的管理流程和业务系统的最新思想;如何建立和保持一种业绩责任制文化等内容。 | |
| 517 | 1 | @a企业绩效管理:从规划到实现@9qi ye ji xiao guan li: cong gui hua dao shi xian |
| 606 | 0 | @a企业管理@x人事管理@x经验@y美国 |
| 690 | @aF279.712.3@v4 | |
| 701 | 1 | @a罗德克@9luo de ke@bJ.R.@4著 |
| 701 | 1 | @aRodek@bJeffrey R.@4著 |
| 702 | 0 | @a曹建静@9cao jian jing@4译 |
| 702 | 0 | @a安渊明@9an yuan ming@4译 |
| 801 | 0 | @aCN@bRENTIAN@c20061117 |
| 905 | @a10447@dF279.712.3@e311 | |
| 天天向上:企业绩效管理:从规划到实现/(美)杰夫里·R.罗德克等著/曹建静,安渊明译.-北京:中国铁道出版社,2006 |
| 276页:画像;24cm |
| ISBN 7-113-06849-9:CNY35.00 |
| 本书从各个角度论述了实现业绩突破的方法。探讨的主题包括管理层和董事会在这个新责任制时代中角色的变化;综合论述了关于更佳管理绩效所需的管理流程和业务系统的最新思想;如何建立和保持一种业绩责任制文化等内容。 |
| ● |
| 相关链接 |
|
|
|
|
正题名:天天向上
索取号:F279.712.3/311
 
预约/预借
| 序号 | 登录号 | 条形码 | 馆藏地/架位号 | 状态 | 备注 |
| 1 | 0389234 | 203892341 | 第一样本阅览室/ [索取号:F279.712.3/311] | 在馆 | |
| 2 | 0389235 | 203892350 | 第一借阅区/ [索取号:F279.712.3/311] | 在馆 | |
| 3 | 0389236 | 203892369 | 第一借阅区/ [索取号:F279.712.3/311] | 在馆 | |
| 4 | 0389237 | 203892378 | 第一借阅区/ [索取号:F279.712.3/311] | 在馆 | |
| 5 | 0389238 | 203892387 | 第一借阅区/ [索取号:F279.712.3/311] | 在馆 |